000 00837cab a2200277 4500
001 ABS40428
008 090401t1989 xxu||||| |||| 00| 0 eng d
035 _a(Sirsi) u23775
041 _aeng
100 _aWilliams, J.
245 _aIs Britain learning to shop American?
260 _c1989
350 _a0
490 _aEstates Gazette
_v(8905) 4 February 1989, 20-21(2)
520 _aCompares and contrasts retail development trends in North America and the UK. Pays particular attention to large regional shopping centres , shopping malls and the leisure element.
650 _aBALTIMORE
650 _aBOSTON
650 _aCANADA
650 _aMETRO CENTRE
650 _aOUT-OF-TOWN
650 _aREGIONAL CENTRES
650 _aUSA
690 _aPROPERTY-COMMERCIAL PROPERTY
942 _n0
948 _c04/03/1997
999 _c15917
_d15917